000 00838nam a22003017a 4500
001 BR7502568
003 BR-BrBNA
005 20230928084743.0
007 ta
008 230509b bl.||||| |||| 00| 0 por d
040 _aBR-BrBNA
_bpor
_cBiblioteca Nacional de Agricultura
041 _a(Por)
072 _aE10
_b/G514
090 _ E10 BR7502568
110 1 _aMinisterio da Agricultura, Brasilia, DF (Brasil)
_96753
245 1 _aNotas sobre o orcamento do Ministerio da Agricultura [Brasil]
260 3 _aBrasilia, DF (Brasil):
_c[nd].
300 _a18 p.
500 _a9 tables; Published 1975?
650 _aMacroeconomia
650 _aFinanciamento
650 _aOrcamento
650 _aCredito
650 _aDespesa
650 _aProjeto de desenvolvimento
909 _a202309
_bLucia
_c55
_dLucia Elande
942 _cBK
999 _c20901
_d20901